000 00516nam a22001457a 4500
020 _a978-4169-1180-7
082 _a823
_bKEE/N
100 _aKEENE, CAROLYN
245 _aNANCY DREW - PIT OF VIPERS
260 _aNEW YORK
_bALADDIN PAPERBACKS
_c2006
300 _a145
520 _aThere's been a snake-napping at the River Heights Zoo, and all clues about the thief seem to point in my good friend Charlie's direction. But why would Charlie want to steal a snake?
650 _aDETECTIVE
_zUNITED STATES
942 _cBK
999 _c7854
_d7854